[Event "Carnaval U2200 Online"]
[Site "Chess.com"]
[Date "2021.02.20"]
[Round "2.4"]
[White "Levesque-Duchesne, Merlin"]
[Black "Lesage, Philippe"]
[Result "1/2-1/2"]
[WhiteElo "1786"]
[BlackElo "1855"]
[PlyCount "98"]
[EventDate "2021.02.20"]
[EventType "swiss"]
[EventRounds "6"]
[EventCountry "CAN"]

1. d4 Nf6 2. Bf4 e6 3. e3 d5 4. Nf3 c5 5. Nbd2 Bd6 6. Bg3 Qc7 7. c3 Nbd7 8. Bd3
O-O 9. O-O Bxg3 10. hxg3 e5 11. dxe5 Nxe5 12. Nxe5 Qxe5 13. Re1 Bg4 14. Be2 Qh5
15. f3 Bd7 16. Kf2 Qf5 17. Nf1 Rfe8 18. Bd3 Qe6 19. g4 g6 20. Ng3 Bc6 21. Qd2
Rad8 22. Rh1 d4 23. cxd4 cxd4 24. e4 Nd7 25. Qh6 Nf8 26. b3 Qe5 27. Ne2 Qg7 28.
Qd2 Ne6 29. Rh3 a6 30. Rah1 Nf8 31. a4 b5 32. Qa5 bxa4 33. Qxa6 Bd7 34. bxa4
Ra8 35. Qd6 Bxa4 36. Qxd4 Qxd4+ 37. Nxd4 Red8 38. Ke3 Be8 39. Bb5 Ra3+ 40. Kf4
Rxd4 41. Bxe8 Ne6+ 42. Kg3 Ng5 43. R3h2 Nxe4+ 44. Kh4 Nf6 45. Bc6 Ra6 46. Bb5
Ra5 47. Bc6 Rc5 48. Bb7 Rd7 49. Ba8 Rd8 1/2-1/2

[Event "Carnaval U2200 Online"]
[Site "Chess.com"]
[Date "2021.02.20"]
[Round "2.5"]
[White "Tsanaclis, Albert"]
[Black "Dube, Daniel"]
[Result "1/2-1/2"]
[WhiteElo "1658"]
[BlackElo "1737"]
[PlyCount "157"]
[EventDate "2021.02.20"]
[EventType "swiss"]
[EventRounds "6"]
[EventCountry "CAN"]

1. e4 c5 2. Nf3 Nc6 3. d4 cxd4 4. Nxd4 Nf6 5. Nc3 e5 6. Ndb5 d6 7. Nd5 Nxd5 8.
exd5 Nb8 9. c4 Be7 10. Bd3 O-O 11. Be3 f5 12. O-O a6 13. Nc3 e4 14. Bc2 Bf6 15.
f4 Nd7 16. Bd4 Bxd4+ 17. Qxd4 Qb6 18. Qxb6 Nxb6 19. b3 Bd7 20. Rae1 Rac8 21.
Re3 Na8 22. Ne2 b5 23. Rc3 bxc4 24. bxc4 Nb6 25. Bb3 Rc5 26. Rfc1 Rfc8 27. Kf2
a5 28. a3 Kf7 29. Ke3 h6 30. Kd4 Kf6 31. Rb1 Na4 32. Bxa4 Bxa4 33. Rb6 Ke7 34.
Ng3 g6 35. h4 h5 36. Rc1 Kd7 37. Rb7+ R8c7 38. Rb8 Rc8 39. Rxc8 Rxc8 40. Ne2
Bb3 41. c5 Rxc5 42. Rxc5 dxc5+ 43. Kxc5 Bd1 44. Nc1 e3 45. Nd3 e2 46. Kd4 Bc2
47. Ne1 Ba4 48. Ke5 Bb3 49. Kf6 Kd6 50. Kxg6 Kxd5 51. Kxf5 Kd4 52. Kg6 Ke3 53.
f5 Kd2 54. Nf3+ Kd1 55. f6 Bd5 56. f7 Bxf3 57. gxf3 e1=Q 58. f8=Q Qxh4 59. Qd6+
Ke2 60. f4 Qg4+ 61. Kh6 h4 62. Qe5+ Kf3 63. Qc3+ Kxf4 64. Qd4+ Kg3 65. Qg1+ Kf4
66. Qd4+ Kf5 67. Qd5+ Kf6 68. Qd6+ Qe6 69. Qf4+ Ke7+ 70. Kh5 h3 71. Kh4 Qf6+
72. Qxf6+ Kxf6 73. Kxh3 Ke5 74. Kg3 Kd4 75. Kf2 a4 76. Ke2 Kc3 77. Kd1 Kb3 78.
Kc1 Kxa3 79. Kb1 1/2-1/2

[Event "Carnaval U2200 Online"]
[Site "Chess.com"]
[Date "2021.02.20"]
[Round "2.6"]
[White "Dube, Dominic"]
[Black "Couture, Jonathan"]
[Result "0-1"]
[WhiteElo "1781"]
[BlackElo "1868"]
[PlyCount "58"]
[EventDate "2021.02.20"]
[EventType "swiss"]
[EventRounds "6"]
[EventCountry "CAN"]

1. e4 Nf6 2. e5 Nd5 3. d4 d6 4. c4 Nb6 5. exd6 exd6 6. Nf3 Nc6 7. b3 Bg4 8. Be2
Be7 9. Bb2 Bf6 10. Nbd2 d5 11. c5 Nd7 12. Rc1 O-O 13. O-O Re8 14. a3 Ne7 15. b4
c6 16. h3 Bxf3 17. Nxf3 Ng6 18. g3 Ndf8 19. b5 Qd7 20. bxc6 bxc6 21. Kg2 Ne6
22. Re1 Nef4+ 23. gxf4 Nxf4+ 24. Kg1 Nxh3+ 25. Kf1 Qg4 26. Bd3 Nf4 27. Rxe8+
Rxe8 28. Ne1 Qh3+ 29. Kg1 Rxe1+ 0-1

[Event "Carnaval U2200 Online"]
[Site "Chess.com"]
[Date "2021.02.20"]
[Round "3.1"]
[White "Mok, Yuen Tak"]
[Black "Turcotte, Jonathan"]
[Result "0-1"]
[WhiteElo "2082"]
[BlackElo "2007"]
[PlyCount "170"]
[EventDate "2021.02.20"]
[EventType "swiss"]
[EventRounds "6"]
[EventCountry "CAN"]

1. Nf3 d5 2. c4 c6 3. b3 Bf5 4. Bb2 e6 5. g3 Nf6 6. Bg2 Be7 7. d3 h6 8. Nbd2
O-O 9. O-O Nbd7 10. a3 a5 11. Ra2 Nc5 12. Bc3 Re8 13. Qa1 Bh7 14. Rc1 Bf8 15.
Bd4 Ncd7 16. c5 e5 17. Nxe5 Nxe5 18. Bxe5 Nd7 19. Nf3 Nxc5 20. Qb1 f6 21. Bc3
Qb6 22. b4 Na4 23. Bd4 Qb5 24. bxa5 Rxa5 25. Qc2 Kh8 26. Be3 Qa6 27. Bf1 c5 28.
Bd2 Rb5 29. Rb1 Rxb1 30. Qxb1 d4 31. Ra1 b5 32. Qc1 g5 33. e3 g4 34. Ne1 f5 35.
Rb1 Bg7 36. exd4 cxd4 37. Qc7 Nc3 38. Ra1 Bg8 39. Qd7 Qe6 40. Qxe6 Rxe6 41. Nc2
Ra6 42. Bf4 Bb3 43. Nb4 Ra4 44. Bd6 Kg8 45. Bg2 Kf7 46. Nc6 Ke6 47. Bc5 Bf6 48.
Re1+ Kd7 49. Ne5+ Kc7 50. Ng6 Ra6 51. Nf4 Kd7 52. Ne2 Re6 53. Kf1 Bc2 54. Nf4
Ra6 55. Rc1 Bb3 56. Re1 Bc2 57. Rc1 Bb1 58. h3 Be5 59. hxg4 fxg4 60. Ke1 Ba2
61. Ne2 Re6 62. Nxc3 dxc3 63. Kf1 Bf6 64. Bb4 Bg5 65. Re1 c2 66. Be4 c1=Q 67.
Rxc1 Bxc1 68. Bf5 Kc6 69. Bxe6 Bxe6 70. Ke2 Bb2 71. Ke3 Kd5 72. Bf8 Bc1+ 73.
Ke2 Bf5 74. Be7 h5 75. Bf8 Bb2 76. Kd2 Bd4 77. Ke2 Bc5 78. Bg7 Bxa3 79. Ke3
Bc1+ 80. Ke2 b4 81. Kd1 Bg5 82. Kc2 Be7 83. Kd2 Bc5 84. Ke2 b3 85. Bb2 Bd4 0-1

[Event "Carnaval U2200 Online"]
[Site "Chess.com"]
[Date "2021.02.20"]
[Round "3.2"]
[White "Dupont-Mageau, Nicolas"]
[Black "Varro, Daniel"]
[Result "0-1"]
[WhiteElo "1641"]
[BlackElo "1764"]
[PlyCount "44"]
[EventDate "2021.02.20"]
[EventType "swiss"]
[EventRounds "6"]
[EventCountry "CAN"]

1. e4 c6 2. d4 d5 3. f3 dxe4 4. fxe4 e5 5. Nf3 Bg4 6. Bc4 Nd7 7. O-O Ngf6 8.
dxe5 Qb6+ 9. Kh1 Nxe4 10. Bxf7+ Kxf7 11. Ng5+ Ke8 12. Qxg4 Nf2+ 13. Rxf2 Qxf2
14. Qe6+ Be7 15. h3 Qe1+ 16. Kh2 Qxe5+ 17. Kg1 Qxe6 18. Nxe6 Kf7 19. Ng5+ Kg6
20. Nf3 Rhe8 21. Nc3 Bc5+ 22. Kh1 b5 0-1

[Event "Carnaval U2200 Online"]
[Site "Chess.com"]
[Date "2021.02.20"]
[Round "3.3"]
[White "Couture, Jonathan"]
[Black "Tsanaclis, Albert"]
[Result "0-1"]
[WhiteElo "1868"]
[BlackElo "1658"]
[PlyCount "62"]
[EventDate "2021.02.20"]
[EventType "swiss"]
[EventRounds "6"]
[EventCountry "CAN"]

1. e4 c5 2. Nf3 Nc6 3. Nc3 g6 4. d4 cxd4 5. Nxd4 Bg7 6. Be3 Nf6 7. Bc4 O-O 8.
Bb3 a5 9. a4 d6 10. f3 Nd7 11. Qd2 Nc5 12. Bc4 Ne5 13. Ba2 Bd7 14. Ndb5 Nxa4
15. Nxa4 Bxb5 16. Nb6 Ra6 17. Qf2 e6 18. h3 Qc7 19. O-O-O a4 20. Bd4 a3 21. b3
Qc6 22. Kb1 Nd3 23. cxd3 Bxd4 24. Qxd4 Qxb6 25. Qxb6 Rxb6 26. d4 Bc4 27. Kc2
Bxb3+ 28. Bxb3 Rc8+ 29. Kb1 Rxb3+ 30. Ka2 Rb2+ 31. Kxa3 Rb6 0-1

[Event "Carnaval U2200 Online"]
[Site "Chess.com"]
[Date "2021.02.20"]
[Round "3.4"]
[White "Dube, Daniel"]
[Black "Levesque-Duchesne, Merlin"]
[Result "0-1"]
[WhiteElo "1737"]
[BlackElo "1786"]
[PlyCount "128"]
[EventDate "2021.02.20"]
[EventType "swiss"]
[EventRounds "6"]
[EventCountry "CAN"]

1. e4 c5 2. Nf3 d6 3. d4 cxd4 4. Nxd4 Nf6 5. Nc3 a6 6. h3 e5 7. Nde2 Be7 8. g4
Be6 9. Bg2 h6 10. O-O Nbd7 11. Ng3 g6 12. Be3 Qc7 13. Qd2 Bf8 14. Nd5 Bxd5 15.
exd5 Rc8 16. f4 Bg7 17. c4 O-O 18. b3 Kh7 19. Rae1 b5 20. g5 exf4 21. Bxf4 hxg5
22. Bxg5 bxc4 23. bxc4 Qxc4 24. Rc1 Qa4 25. Rxc8 Rxc8 26. Rf4 Rc4 27. Rxc4 Qxc4
28. Bf4 Nb6 29. Bxd6 Nfxd5 30. Bf1 Qd4+ 31. Qxd4 Bxd4+ 32. Kh2 a5 33. Ne2 Bb2
34. Nf4 Nxf4 35. Bxf4 Nd5 36. Bd2 Bc3 37. Bc4 Nb6 38. Bxc3 Nxc4 39. Kg3 f5 40.
a4 Kh6 41. h4 Kh5 42. Bf6 Nb6 43. Bd8 Nxa4 44. Bxa5 Nc5 45. Bd8 Ne6 46. Bf6 Kh6
47. Be7 Kg7 48. Bd6 Kf6 49. Bb8 Ng7 50. Kf3 Nh5 51. Bc7 Ke6 52. Bd8 Kd5 53. Bb6
Ng7 54. Bf2 Ne6 55. Bg1 Kc4 56. Kg3 Kd3 57. h5 gxh5 58. Kh4 Ng7 59. Kg5 f4 60.
Kg6 f3 61. Kxg7 Ke2 62. Kg6 h4 63. Kg5 h3 64. Kg4 h2 0-1

[Event "Carnaval U2200 Online"]
[Site "Chess.com"]
[Date "2021.02.20"]
[Round "3.5"]
[White "Magner, Wilhelm"]
[Black "Gerard, Patrice"]
[Result "1-0"]
[WhiteElo "1459"]
[BlackElo "1744"]
[PlyCount "39"]
[EventDate "2021.02.20"]
[EventType "swiss"]
[EventRounds "6"]
[EventCountry "CAN"]

1. d4 Nf6 2. Bf4 g6 3. Nc3 Bg7 4. e4 d6 5. Qd2 h5 6. O-O-O Nbd7 7. Be2 b6 8. f3
Bb7 9. Qd3 e5 10. dxe5 dxe5 11. Bg5 Qe7 12. Nh3 O-O-O 13. Nd5 Qe6 14. Qc3 Bxd5
15. exd5 Nxd5 16. Rxd5 Qxd5 17. Bc4 Qc5 18. b4 Qf8 19. Ba6+ Kb8 20. Qc6 1-0

[Event "Carnaval U2200 Online"]
[Site "Chess.com"]
[Date "2021.02.21"]
[Round "4.1"]
[White "Turcotte, Jonathan"]
[Black "Levesque-Duchesne, Merlin"]
[Result "1-0"]
[WhiteElo "2007"]
[BlackElo "1786"]
[PlyCount "101"]
[EventDate "2021.02.20"]
[EventType "swiss"]
[EventRounds "6"]
[EventCountry "CAN"]

1. d4 d5 2. c4 c6 3. Nf3 Nf6 4. Nc3 e6 5. Bg5 Nbd7 6. cxd5 exd5 7. Qc2 Be7 8.
e3 O-O 9. Bd3 h6 10. Bh4 Re8 11. O-O Ne4 12. Bxe7 Qxe7 13. b4 Ndf6 14. b5 Bf5
15. bxc6 Rac8 16. Ne5 g6 17. f3 Nxc3 18. Bxf5 gxf5 19. Qxc3 bxc6 20. Qd3 Qe6
21. f4 Ne4 22. Rac1 f6 23. Nf3 Nd6 24. Rfe1 Qe4 25. Qxe4 fxe4 26. Nd2 h5 27.
Rc2 Nf5 28. Kf2 Kf7 29. Rec1 Ne7 30. Nb3 Ke6 31. Nc5+ Kd6 32. Rb2 Rb8 33. Rcb1
Rxb2+ 34. Rxb2 Nf5 35. Rb7 Re7 36. Rb8 Rg7 37. Rh8 h4 38. Rh5 Ne7 39. Rxh4 Nc8
40. Rh8 Nb6 41. Rd8+ Ke7 42. Rb8 Kd6 43. Re8 Nd7 44. Rd8 Rh7 45. Rxd7+ Rxd7 46.
Nxd7 Kxd7 47. g4 c5 48. dxc5 Kc6 49. g5 fxg5 50. fxg5 Kxc5 51. g6 1-0

[Event "Carnaval U2200 Online"]
[Site "Chess.com"]
[Date "2021.02.21"]
[Round "4.2"]
[White "Tsanaclis, Albert"]
[Black "Mok, Yuen Tak"]
[Result "0-1"]
[WhiteElo "1658"]
[BlackElo "2082"]
[PlyCount "172"]
[EventDate "2021.02.20"]
[EventType "swiss"]
[EventRounds "6"]
[EventCountry "CAN"]

1. e4 c6 2. d4 d5 3. e5 Bf5 4. h4 h5 5. Bd3 Bxd3 6. Qxd3 Qa5+ 7. Bd2 Qa6 8. e6
Qxd3 9. exf7+ Kxf7 10. cxd3 Nh6 11. Nf3 Nf5 12. Ng5+ Ke8 13. Bc3 Na6 14. Nd2
Nc7 15. Ndf3 e6 16. O-O Be7 17. g3 Rh6 18. Rfe1 Rf6 19. Re2 Bd6 20. Rae1 Ke7
21. Nxe6 Nxe6 22. Ng5 Kd7 23. Nxe6 Rg6 24. Ng5 Bc7 25. Re6 Rxe6 26. Nxe6 Bb6
27. Nc5+ Kc7 28. Re5 g6 29. Kg2 Rg8 30. a4 a6 31. f3 Kc8 32. Kh3 Bc7 33. g4
Bxe5 34. dxe5 Ne7 35. d4 Rf8 36. Kg3 hxg4 37. Kxg4 Nf5 38. Ne6 Rh8 39. Be1 b6
40. Nf4 Rg8 41. Bc3 Kd7 42. Kg5 Ne7 43. Bb4 Nf5 44. Bc3 Ke8 45. h5 Ne7 46. hxg6
c5 47. dxc5 bxc5 48. Ba5 Rf8 49. g7 Rf5+ 50. Kg4 Rxe5 51. Bc3 d4 52. Bd2 Kf7
53. Nh5 Ng8 54. f4 Re2 55. Ba5 Rxb2 56. Ng3 d3 57. Ne4 Rg2+ 58. Kf3 Rxg7 59.
Bc3 Rg1 60. Nxc5 Rc1 61. Ne4 Ne7 62. Ke3 Nd5+ 63. Kxd3 Nxf4+ 64. Kd2 Rh1 65.
Ke3 Ne6 66. Kd3 Rh4 67. Be1 Rh5 68. Bf2 Ra5 69. Nc3 Ke7 70. Kc4 Kd7 71. Bb6 Rh5
72. a5 Kc6 73. Ne4 Rh4 74. Kd3 Nf4+ 75. Ke3 Nd5+ 76. Kd3 Nxb6 77. axb6 Kxb6 78.
Nd6 Kc5 79. Nb7+ Kb4 80. Nd6 a5 81. Nf5 Rh2 82. Nd4 a4 83. Nc2+ Kb3 84. Nd4+
Kb2 85. Ne2 Rxe2 86. Kxe2 a3 0-1

[Event "Carnaval U2200 Online"]
[Site "Chess.com"]
[Date "2021.02.21"]
[Round "4.3"]
[White "Guipi Bopala, Prince Eric jr"]
[Black "Magner, Wilhelm"]
[Result "1-0"]
[WhiteElo "1859"]
[BlackElo "1459"]
[PlyCount "93"]
[EventDate "2021.02.20"]
[EventType "swiss"]
[EventRounds "6"]
[EventCountry "CAN"]

1. d4 d5 2. c4 e6 3. Nf3 Nf6 4. g3 Be7 5. Bg2 O-O 6. O-O c5 7. Qc2 cxd4 8. Nxd4
Nc6 9. Nf3 Bd7 10. cxd5 exd5 11. Rd1 Nb4 12. Qb3 a5 13. a4 Bc5 14. Nc3 Qb6 15.
e3 Bf5 16. Nd4 Bxd4 17. Rxd4 Bc2 18. Qa3 Qe6 19. Rd2 Rac8 20. Nb5 Rc5 21. Nd4
Qc8 22. b3 Bg6 23. Bb2 Ne4 24. Rdd1 Nc2 25. Nxc2 Rxc2 26. Rac1 Nxf2 27. Rxd5
Nd3 28. Rxc2 Qxc2 29. Bd4 Qf2+ 30. Kh1 Rc8 31. h3 Rc1+ 32. Qxc1 h5 33. Qf1 Qd2
34. Rd8+ Kh7 35. e4 Nb4 36. Bb6 Qb2 37. Rd1 Qxb3 38. Qf3 Qe6 39. Be3 Nc2 40.
Rc1 Nb4 41. Kh2 Nc6 42. Rf1 Ne5 43. Qe2 Qb3 44. Bd4 Nc6 45. Qb2 Qxa4 46. Bxg7
Qc4 47. Bh8 1-0

[Event "Carnaval U2200 Online"]
[Site "Chess.com"]
[Date "2021.02.21"]
[Round "4.4"]
[White "Lesage, Philippe"]
[Black "Dupont-Mageau, Nicolas"]
[Result "1/2-1/2"]
[WhiteElo "1855"]
[BlackElo "1641"]
[PlyCount "97"]
[EventDate "2021.02.20"]
[EventType "swiss"]
[EventRounds "6"]
[EventCountry "CAN"]

1. c4 b6 2. Nf3 Bb7 3. g3 f5 4. Bg2 Nf6 5. O-O e6 6. Nc3 Be7 7. d3 O-O 8. Bf4
d6 9. e4 e5 10. Bd2 fxe4 11. Ng5 Qc8 12. Bh3 Qe8 13. Ne6 exd3 14. Nxf8 Qc6 15.
Nd5 Kxf8 16. Bg2 Qxc4 17. Nxb6 axb6 18. Bxb7 Rxa2 19. Rc1 Qb5 20. Rxc7 Qxb2 21.
Rc8+ Kf7 22. Bc1 Qe2 23. Rxb8 d5 24. Bg5 Bc5 25. Qxe2 dxe2 26. Re1 Bb4 27. Rxe2
Rxe2 28. Bxf6 Kxf6 29. Bxd5 Bc5 30. Rb7 Bxf2+ 31. Kf1 Rd2 32. Rf7+ Kg5 33. h4+
Kh6 34. Rxf2 Rxd5 35. Rb2 Rd6 36. Rb5 Re6 37. g4 g5 38. h5 Kg7 39. Ke2 h6 40.
Ke3 Kf6 41. Ke4 Rc6 42. Rb4 Ke6 43. Rb5 Rc4+ 44. Kf3 Rc6 45. Ke4 Rc4+ 46. Kf3
Rc3+ 47. Ke4 Rc6 48. Rxe5+ Kf6 49. Rf5+ 1/2-1/2

[Event "Carnaval U2200 Online"]
[Site "Chess.com"]
[Date "2021.02.21"]
[Round "4.5"]
[White "Gerard, Patrice"]
[Black "Dube, Daniel"]
[Result "1/2-1/2"]
[WhiteElo "1744"]
[BlackElo "1737"]
[PlyCount "115"]
[EventDate "2021.02.20"]
[EventType "swiss"]
[EventRounds "6"]
[EventCountry "CAN"]

1. e4 Nf6 2. e5 Nd5 3. c4 Nb6 4. d4 d6 5. exd6 cxd6 6. Nc3 g6 7. Nf3 Bg7 8. Be3
O-O 9. Rc1 Bg4 10. Be2 Nc6 11. b4 Bxf3 12. Bxf3 Nxc4 13. O-O Nxe3 14. fxe3 Nxb4
15. Qb3 Nc6 16. Qxb7 Nxd4 17. exd4 Bxd4+ 18. Kh1 Rc8 19. Nd5 Rxc1 20. Rxc1 e6
21. Ne7+ Kg7 22. h3 Qb6 23. Qe4 d5 24. Qd3 Re8 25. Nc8 Qb2 26. Rc2 Qb1+ 27. Bd1
Be5 28. Nxa7 Ra8 29. Nc6 Bf6 30. Qe2 Qb6 31. Ne5 Qd4 32. Ng4 Bg5 33. Qe5+ Qxe5
34. Nxe5 Bf6 35. Ng4 d4 36. Nxf6 Kxf6 37. Rf2+ Ke7 38. a4 e5 39. Ra2 e4 40. a5
d3 41. a6 Ra7 42. Kg1 e3 43. Kf1 e2+ 44. Bxe2 dxe2+ 45. Kxe2 Kd6 46. Ke3 f6 47.
Kd4 h5 48. g4 hxg4 49. hxg4 f5 50. g5 Kc6 51. Ke5 Kb6 52. Kf6 Rxa6 53. Rxa6+
Kxa6 54. Kxg6 f4 55. Kh7 f3 56. g6 f2 57. g7 f1=Q 58. g8=Q 1/2-1/2

[Event "Carnaval U2200 Online"]
[Site "Chess.com"]
[Date "2021.02.21"]
[Round "5.1"]
[White "Turcotte, Jonathan"]
[Black "Guipi Bopala, Prince Eric jr"]
[Result "0-1"]
[WhiteElo "2007"]
[BlackElo "1859"]
[PlyCount "40"]
[EventDate "2021.02.20"]
[EventType "swiss"]
[EventRounds "6"]
[EventCountry "CAN"]

1. d4 d5 2. c4 e6 3. Nf3 Be7 4. Nc3 Nf6 5. Bg5 O-O 6. e3 h6 7. Bh4 Nbd7 8. Rc1
c5 9. dxc5 Nxc5 10. Bxf6 Bxf6 11. cxd5 Bxc3+ 12. Rxc3 Ne4 13. Rc4 exd5 14. Rd4
Qa5+ 15. Nd2 Qxa2 16. Nxe4 dxe4 17. b4 Be6 18. Rd2 Qa3 19. Qb1 Rac8 20. Qb2
Rc1+ 0-1

[Event "Carnaval U2200 Online"]
[Site "Chess.com"]
[Date "2021.02.21"]
[Round "5.2"]
[White "Mok, Yuen Tak"]
[Black "Varro, Daniel"]
[Result "1-0"]
[WhiteElo "2082"]
[BlackElo "1764"]
[PlyCount "79"]
[EventDate "2021.02.20"]
[EventType "swiss"]
[EventRounds "6"]
[EventCountry "CAN"]

1. Nf3 d5 2. c4 c6 3. b3 Nf6 4. g3 Bg4 5. Ne5 Bf5 6. Bg2 e6 7. Bb2 Nbd7 8. d3
Nxe5 9. Bxe5 Bb4+ 10. Nd2 Qa5 11. a3 Bc3 12. Bxc3 Qxc3 13. O-O Rd8 14. Nf3 h6
15. Qb1 Qa5 16. Rc1 O-O 17. b4 Qc7 18. b5 dxc4 19. Rxc4 c5 20. Qc1 Qd7 21. Rxc5
b6 22. Rc6 Rc8 23. Ne5 Qd8 24. Qc4 Rxc6 25. Nxc6 Qd7 26. Qa4 Nd5 27. e4 Nc3 28.
Qc2 Nxb5 29. exf5 Rc8 30. Rc1 Nd4 31. Ne7+ Qxe7 32. Qxc8+ Kh7 33. Re1 Qxa3 34.
fxe6 Nxe6 35. Be4+ g6 36. Qd7 Kg7 37. Bd5 Ng5 38. Re7 Qa1+ 39. Kg2 Qf6 40. h4
1-0

[Event "Carnaval U2200 Online"]
[Site "Chess.com"]
[Date "2021.02.21"]
[Round "5.3"]
[White "Levesque-Duchesne, Merlin"]
[Black "Couture, Jonathan"]
[Result "1/2-1/2"]
[WhiteElo "1786"]
[BlackElo "1868"]
[PlyCount "138"]
[EventDate "2021.02.20"]
[EventType "swiss"]
[EventRounds "6"]
[EventCountry "CAN"]

1. Nf3 d5 2. g3 Nc6 3. d4 Bg4 4. Nbd2 Qd7 5. h3 Bh5 6. Bg2 f6 7. O-O O-O-O 8.
a3 e5 9. dxe5 Nxe5 10. b4 Ne7 11. c4 Nxf3+ 12. Nxf3 dxc4 13. Qc2 Qe6 14. Be3
Bg6 15. Qa4 Nc6 16. b5 Nb8 17. Qxa7 Be4 18. Rfd1 Be7 19. Bc5 Bxc5 20. Qxc5
Rxd1+ 21. Rxd1 b6 22. Qb4 Re8 23. Rd4 c5 24. Qxc4 Bxf3 25. Bxf3 Nd7 26. Bg4
Qxc4 27. Rxc4 Kc7 28. Bxd7 Kxd7 29. e4 Kd6 30. f4 g5 31. Kf2 gxf4 32. gxf4 Rg8
33. Ra4 Rg7 34. Ra8 c4 35. Rc8 Ra7 36. Rxc4 Rxa3 37. Rc6+ Ke7 38. Kg2 Re3 39.
Rxb6 Rxe4 40. Kf3 f5 41. Rb7+ Kd6 42. Rxh7 Rb4 43. b6 Kd5 44. Re7 Rb3+ 45. Kg2
Rxb6 46. Re5+ Kd4 47. Rxf5 Ke4 48. Rf8 Rg6+ 49. Kf2 Rh6 50. Kg3 Rg6+ 51. Kh4
Rh6+ 52. Kg4 Rg6+ 53. Kh5 Rd6 54. f5 Kf4 55. f6 Kf5 56. f7 Kf6 57. h4 Kg7 58.
Ra8 Kxf7 59. Ra5 Kg7 60. Kg5 Rg6+ 61. Kf5 Rf6+ 62. Ke5 Rh6 63. Ra7+ Kg6 64. Ra4
Kh5 65. Kf5 Rb6 66. Rd4 Rb5+ 67. Ke6 Ra5 68. Rd5+ Rxd5 69. Kxd5 Kxh4 1/2-1/2

[Event "Carnaval U2200 Online"]
[Site "Chess.com"]
[Date "2021.02.21"]
[Round "5.4"]
[White "Magner, Wilhelm"]
[Black "Lesage, Philippe"]
[Result "0-1"]
[WhiteElo "1459"]
[BlackElo "1855"]
[PlyCount "128"]
[EventDate "2021.02.20"]
[EventType "swiss"]
[EventRounds "6"]
[EventCountry "CAN"]

1. d4 Nf6 2. Bf4 b6 3. e3 Bb7 4. Nf3 e6 5. Nbd2 d5 6. c3 Bd6 7. Bg3 O-O 8. Bd3
c5 9. Qe2 Qc7 10. Ne5 Nbd7 11. Ndf3 Ne4 12. Rc1 f6 13. Nxd7 Qxd7 14. Nd2 Nxd2
15. Qxd2 e5 16. dxe5 fxe5 17. O-O Rad8 18. Rcd1 Qc6 19. Qc2 e4 20. Bxd6 exd3
21. Rxd3 Qxd6 22. e4 d4 23. Rh3 d3 24. Qb3+ Kh8 25. f3 Bc8 26. Rh5 Qg6 27. Rd5
Be6 28. Rxd8 Rxd8 29. Qa4 Qf7 30. b3 Qd7 31. Qa6 d2 32. Rd1 Qd3 33. Qxd3 Rxd3
34. c4 a6 35. Kf2 b5 36. Ke2 bxc4 37. bxc4 Bxc4 38. Rxd2 Rxd2+ 39. Kxd2 Bxa2
40. Kc3 Be6 41. f4 g6 42. g4 Bxg4 43. Kc4 Kg7 44. Kxc5 Kf6 45. h4 Ke6 46. Kb6
Be2 47. Kc5 a5 48. Kd4 a4 49. Kc3 Bb5 50. Kb4 Bd7 51. Kc4 Bc6 52. Kd4 a3 53.
Kc3 Bxe4 54. Kb3 Kf5 55. h5 gxh5 56. Kxa3 h4 57. Kb2 h3 58. Kc1 h2 59. Kd2 h1=Q
60. Ke3 Qf3+ 61. Kd2 Qd3+ 62. Ke1 Qc2 63. Kf1 Bf3 64. Kg1 Qg2# 0-1

[Event "Carnaval U2200 Online"]
[Site "Chess.com"]
[Date "2021.02.21"]
[Round "5.5"]
[White "Gerard, Patrice"]
[Black "Tsanaclis, Albert"]
[Result "1-0"]
[WhiteElo "1744"]
[BlackElo "1658"]
[PlyCount "71"]
[EventDate "2021.02.20"]
[EventType "swiss"]
[EventRounds "6"]
[EventCountry "CAN"]

1. e4 c5 2. Nc3 Nc6 3. f4 g6 4. Nf3 Bg7 5. Bc4 Na5 6. Be2 d6 7. O-O Nf6 8. Qe1
O-O 9. Qh4 Nh5 10. f5 Bf6 11. Ng5 h6 12. fxg6 fxg6 13. Rxf6 Rxf6 14. Nh3 Bxh3
15. Bxh5 Qf8 16. Be2 Be6 17. d3 g5 18. Qg3 Nc6 19. Be3 Qf7 20. Nb5 Rf8 21. Nc7
Bxa2 22. b3 Nb4 23. h4 Nxc2 24. Rxa2 Nxe3 25. Qxe3 Qxb3 26. hxg5 Qb1+ 27. Kh2
Rf4 28. Qg3 h5 29. Rxa7 h4 30. Qh3 Qb6 31. Qe6+ R4f7 32. g6 Qxc7 33. gxf7+ Kg7
34. Bh5 d5+ 35. e5 Qc6 36. Qg4+ 1-0

[Event "Carnaval U2200 Online"]
[Site "Chess.com"]
[Date "2021.02.21"]
[Round "5.6"]
[White "Dupont-Mageau, Nicolas"]
[Black "Dube, Daniel"]
[Result "1-0"]
[WhiteElo "1641"]
[BlackElo "1737"]
[PlyCount "83"]
[EventDate "2021.02.20"]
[EventType "swiss"]
[EventRounds "6"]
[EventCountry "CAN"]

1. e4 g6 2. Nc3 d6 3. Bc4 Bg7 4. f4 e6 5. Nf3 Ne7 6. O-O c6 7. Qe1 d5 8. Bb3
O-O 9. d3 a5 10. a4 Na6 11. Qh4 f6 12. f5 gxf5 13. Bh6 Qe8 14. Bxg7 Kxg7 15.
exd5 cxd5 16. Nd4 Nc7 17. Rae1 e5 18. Nde2 f4 19. Nxf4 exf4 20. Rxf4 Qf7 21.
Rxe7 Qxe7 22. Kh1 Re8 23. Rf1 Qe5 24. d4 Qg5 25. Qf2 Be6 26. h4 Qg6 27. Ne2 Bg4
28. Nf4 Qf5 29. Qg3 Re4 30. Rf2 Rae8 31. Nxd5 Re1+ 32. Kh2 Qxf2 33. Qxf2 Nxd5
34. Bxd5 R1e2 35. Qg3 h5 36. Qc7+ R8e7 37. Qxa5 Rxc2 38. Qb4 Rce2 39. Bxb7 R7e3
40. a5 Bf3 41. Bxf3 Rxf3 42. Qb7+ 1-0

[Event "Carnaval U2200 Online"]
[Site "Chess.com"]
[Date "2021.02.21"]
[Round "6.1"]
[White "Guipi Bopala, Prince Eric jr"]
[Black "Mok, Yuen Tak"]
[Result "1/2-1/2"]
[WhiteElo "1859"]
[BlackElo "2082"]
[PlyCount "87"]
[EventDate "2021.02.20"]
[EventType "swiss"]
[EventRounds "6"]
[EventCountry "CAN"]

1. d4 d5 2. c4 c6 3. cxd5 cxd5 4. Nc3 Nf6 5. Bf4 Nc6 6. e3 a6 7. Bd3 Bg4 8.
Nge2 e6 9. O-O Bd6 10. Qb3 Rb8 11. Rac1 O-O 12. h3 Bh5 13. Bxd6 Qxd6 14. Ng3
Bg6 15. Bxg6 hxg6 16. Rfd1 Rfd8 17. Na4 b6 18. Rc2 Ne7 19. Qd3 b5 20. Nc5 Rb6
21. Rdc1 Rc8 22. a3 Rbc6 23. Kh1 Qb8 24. b4 Qb6 25. Kg1 R8c7 26. Kh1 Nc8 27.
Kg1 Nd6 28. Kh1 Nc4 29. Kg1 a5 30. Ra1 Ra7 31. Rca2 Rc8 32. Qb3 Rca8 33. Kh1
Ne8 34. Ne2 Ned6 35. Nf4 Qd8 36. Nfd3 Qf6 37. a4 axb4 38. axb5 Rxa2 39. Rxa2
Rxa2 40. Qxa2 Nxb5 41. Nxb4 Qf5 42. Nbd3 Nbd6 43. Qe2 Kh7 44. Kg1 1/2-1/2

[Event "Carnaval U2200 Online"]
[Site "Chess.com"]
[Date "2021.02.21"]
[Round "6.2"]
[White "Lesage, Philippe"]
[Black "Turcotte, Jonathan"]
[Result "0-1"]
[WhiteElo "1855"]
[BlackElo "2007"]
[PlyCount "118"]
[EventDate "2021.02.20"]
[EventType "swiss"]
[EventRounds "6"]
[EventCountry "CAN"]

1. c4 e5 2. g3 Nf6 3. Bg2 c6 4. d4 e4 5. Nc3 d5 6. cxd5 cxd5 7. Bg5 Be7 8. e3
Nbd7 9. Nge2 h6 10. Bxf6 Nxf6 11. O-O O-O 12. Nf4 b6 13. Qb3 Bb7 14. Rac1 g5
15. Nfe2 Rc8 16. f3 exf3 17. Bxf3 Qd7 18. Qb5 Qe6 19. Qd3 a6 20. Rce1 Rfe8 21.
Bg2 Bf8 22. Nc1 Bb4 23. a3 Bf8 24. Qf5 Bg7 25. Nd3 Rcd8 26. Ne5 Re7 27. Qxe6
fxe6 28. Rf2 Nd7 29. Nxd7 Rdxd7 30. Bh3 Rd6 31. Ref1 h5 32. Ne2 a5 33. Nc3 g4
34. Bg2 Ba6 35. Re1 Bc4 36. Bf1 Rc6 37. Bxc4 Rxc4 38. Nb5 e5 39. Nd6 Rc6 40.
Nf5 Re8 41. Nxg7 Kxg7 42. Ref1 Kg6 43. Rf5 exd4 44. exd4 Re2 45. R5f2 Rxf2 46.
Rxf2 Rc4 47. Rd2 Kf5 48. Kf2 Ke4 49. b4 axb4 50. axb4 Rxb4 51. Rc2 Kxd4 52. Rc6
Rb2+ 53. Kg1 b5 54. Rh6 Re2 55. Rxh5 b4 56. Kf1 Re4 57. Rh8 b3 58. Rb8 Kc3 59.
Rc8+ Rc4 0-1

[Event "Carnaval U2200 Online"]
[Site "Chess.com"]
[Date "2021.02.21"]
[Round "6.3"]
[White "Couture, Jonathan"]
[Black "Dupont-Mageau, Nicolas"]
[Result "1-0"]
[WhiteElo "1868"]
[BlackElo "1641"]
[PlyCount "37"]
[EventDate "2021.02.20"]
[EventType "swiss"]
[EventRounds "6"]
[EventCountry "CAN"]

1. e4 c5 2. Nf3 Nc6 3. Nc3 g6 4. d4 cxd4 5. Nxd4 Bg7 6. Be3 Qb6 7. Nb3 Qc7 8.
Nb5 Qe5 9. Nc3 Nf6 10. f4 Qe6 11. Nc5 Qg4 12. e5 Qxd1+ 13. Rxd1 Ng4 14. Bg1 b6
15. Na6 Bxa6 16. Bxa6 Nb4 17. Bb7 Nxc2+ 18. Kd2 Rb8 19. Bf3 1-0